000 00625nam a22002172 4500
001 0000020436
003 OSt
005 20230915093840.0
008 110916s xx 000 0 eng d
020 _a0853698630 :
040 _aKABU
_cKABU
050 _aR724
_b.M43 2019
245 1 0 _aMedicines, ethics & practice :
_ba guide for pharmacists & pharmacy technicians /
250 _a43rd ed.
260 _aGreat Britain :
_bRPS,
_c2019.
300 _a221 p.
650 0 _aMedical ethics.
908 _a110916
942 _2lcc
_cBK
_hR724
_i.M43 2019
999 _c17912
_d17912